00000000nam 2200000za 4500
0019.830024
003CaOODSP
00520221107145432
007cr |||||||||||
008170104s1996    onc     ob   f000 0 eng d
040 |aCaOODSP|beng
043 |an-cn-nk
0861 |aZ1-1991/1-41-180E-PDF
1001 |aMilne, David,|d1941-
24514|aThe case of New Brunswick-Aboriginal relations |h[electronic resource] / |cDavid Milne.
24617|aNew Brunswick-Aboriginal relations
260 |a[Ottawa] : |bRoyal Commission on Aboriginal Peoples, |c[1996?]
300 |a80 p.
500 |aHistorical publication digitized by the Privy Council Office of Canada.
500 |aImperfect: paginations listed in t.o.c. and printed in report do not match in this digitized edition.
500 |aCaption title.
500 |aAt head of title: Royal Commission on Aboriginal Peoples, Canadian Governments and Aboriginal Peoples Project.
504 |aIncludes bibliographical references.
5050 |aIntroduction -- pt. I. Historical overview -- pt. II Present context -- pt. III. Assessing the relationship -- pt. IV. Conclusion -- pt. V. Notes -- pt. VI. Acknowledgments -- pt. VII. Selected bibliography.
520 |a"This is a study of New Brunswick-Aboriginal relations. It seeks at one level to review the history, identify the patterns, and monitor the state of that relationship. This is, of course, a large subject that an essay of this length can only begin to untangle. On another level, this is a study of the specific programs and policies of the province of New Brunswick affecting Aboriginal peoples from the perspective of Aboriginal governance: how far have New Brunswick programs and policies limited or encouraged self-government by Aboriginal peoples?"--Intro., p. 3.
69207|2gccst|aCommissions of inquiry
69207|2gccst|aAboriginal peoples
69207|2gccst|aProvincial governments
69207|2gccst|aSelf government
7101 |aCanada. |bPrivy Council Office.
7101 |aCanada. |bRoyal Commission on Aboriginal Peoples.
85640|qPDF|s411 KB|uhttps://publications.gc.ca/collections/collection_2017/bcp-pco/Z1-1991-1-41-180-eng.pdf